Last 15 Managers of Paris Saint-Germain - Statistics

General Stats
  • This quiz has been taken 125 times
  • The average score is 6 of 15
Answer Stats
Time in Charge Nat. Answer % Correct
05/07/2023 - 🇪🇸 Luis Enrique
97%
01/07/2018 - 29/12/2020 🇩🇪 Thomas Tuchel
85%
02/01/2021 - 04/07/2022 🇦🇷 Mauricio Pochettino
81%
01/01/2012 - 30/06/2013 🇮🇹 Carlo Ancelotti
80%
01/07/2013 - 27/06/2016 🇫🇷 Laurent Blanc
66%
01/07/2016 - 30/06/2018 🇪🇸 Unai Emery
66%
05/07/2022 - 04/07/2023 🇫🇷 Christophe Galtier
48%
01/07/2009 - 31/12/2011 🇫🇷 Antoine Kombouaré
18%
16/12/2000 - 30/06/2003 🇫🇷 Luis Fernández
12%
01/07/2003 - 09/02/2005 🇧🇦 Vahid Halilhodžić
10%
15/01/2007 - 30/06/2009 🇫🇷 Paul Le Guen
7%
16/10/1998 - 15/03/1999 🇵🇹 Artur Jorge
6%
09/02/2005 - 28/12/2005 🇫🇷 Laurent Fournier
4%
29/12/2005 - 14/01/2007 🇫🇷 Guy Lacombe
3%
16/03/1999 - 15/12/2000 🇫🇷 Philippe Bergerôo
2%
No matching quizzes found
Score Distribution
Percent of People with Each Score
Percentile by Number Answered
Your Score History
You have not taken this quiz